00569nam a2200145Ia 4500008004100000024004000041082001800081100005500099245005700154260002500211600002100236650003800257952011100295999001700406250506s9999 xx 000 0 und d a12B-15-BS,12B-25-BS & 12B-35-BS a621.38072 ANE aAneeque Samad Khan, Muhammad Maaz & Fizzah Farooqi 0aEnterprise Planning for Weaving Industry (code book) aKarachi:bUIT,c2012 aComputer Science aBachelor of Computer Science (BS) 001040708PR-CSaUITUbUITUd2022-07-26l0o621.38072 ANEpBS-566-Ar2025-05-06 11:34:39w2025-05-06yPR c28830d28830